书目信息 |
| 题名: |
西方霸主梦
|
|
| 作者: | 赵来文 著 | |
| 分册: | ||
| 出版信息: | 长春 吉林人民出版社 1998.05 |
|
| 页数: | 319页 | |
| 开本: | 21cm | |
| 丛书名: | 当代资本主义研究丛书 | |
| 单 册: | ||
| 中图分类: | D509 | |
| 科图分类: | ||
| 主题词: | 资本主义国家--政治 | |
| 电子资源: | ||
| ISBN: | 7-206-02939-6 | |
| 000 | 00724nam2 2200229 45 | |
| 001 | 00010416 2 | |
| 005 | 20050328095442.6 | |
| 010 | @a7-206-02939-6@dCNY16.00 | |
| 100 | @a20000104d1998 km y0chiy0120 ea | |
| 101 | @achi | |
| 105 | @a z 000yy | |
| 200 | 1 | @a西方霸主梦@AXi Fang Ba Zhu Meng@e步履维艰的美利坚@EBu Lu Wei Jian De Mei Li Jian@f赵来文著@FZhao Lai Wen Zhu |
| 210 | @a长春@c吉林人民出版社@d1998.05 | |
| 215 | @a319页@d21cm | |
| 225 | @a当代资本主义研究丛书 | |
| 410 | @12001 @a当代资本主义研究丛书 | |
| 517 | @a步履维艰的美利坚@ABu Lu Wei Jian De Mei Li Jian | |
| 606 | 0 | @a资本主义国家@x政治 |
| 690 | @aD509@v1 | |
| 701 | 0 | @a赵来文@4著 |
| 801 | @aCN@bTSTC@c20000104 | |
| 905 | @dD509@e79:3@f1@b284394 | |
| 西方霸主梦:步履维艰的美利坚/赵来文著.-长春:吉林人民出版社,1998.05 |
| 319页;21cm.-(当代资本主义研究丛书) |
| ISBN 7-206-02939-6:CNY16.00 |
| ● |
| 相关链接 |
|
|
|
|
正题名:西方霸主梦
索取号:D509/79:3
 
预约/预借
| 序号 | 登录号 | 条形码 | 馆藏地/架位号 | 状态 | 备注 |
| 1 | 0284393 | 002843935 | 第一借阅区/ [索取号:D509/79:3] | 在馆 | |
| 2 | 0284394 | 002843944 | 第一借阅区/ [索取号:D509/79:3] | 在馆 | |
| 3 | 0284395 | 002843953 | 第一样本阅览室/ [索取号:D509/79:3] | 在馆 |